Slovenská otázka včera a dnes. (4.)

Bibliographic Details
Main Author: Pástor, Zoltán, 1939-2011 (Author)
Format: Article
Language:Slovak
PhysicalDescription:Fot. 1.
Subjects:

MARC

LEADER 00000nab a2200000 a 4500
001 vtls000452822
003 SK-MaSNL
005 20260311225053.0
008 160115c1992 xo 0 slo
015 |a SNBRB19rr/mm-uuuuu 
035 |a CL0452953 
040 |a SNKBUCL  |b slo  |c SNKBUCL  |e AACR2 
041 0 |a slo 
044 |a xo  |c SK 
080 |a 943.7"19"  |2 1981 
080 |a 323.1(437)(091)  |2 1981 
100 1 |a Pástor, Zoltán,  |d 1939-2011  |4 aut  |9 27378 
245 1 0 |a Slovenská otázka včera a dnes. (4.)  |c Zoltán Pástor 
300 |b Fot. 1. 
650 0 7 |a vzťahy česko-slovenské  |2 snkbucl  |9 884461 
651 7 |a Československo  |2 snkbucl  |9 21376 
655 7 |a články z novín a časopisov  |2 snkbucl  |9 267496 
773 0 |t Slovenský národ  |g Roč. 3, č. 18 (1992), s. 6 
850 |a Slovenská národná knižnica v Martine  |a MTA001 
852 |a SNK  |b KIS3GCP 
958 |a RK 
992 |a RBX 
999 |c 3264608  |d 3266538